| 000 | 00760cam a22002533a 4500 | ||
|---|---|---|---|
| 001 | 6055 | ||
| 003 | PGUSA | ||
| 005 | 20140828083127.0 | ||
| 008 | 040701s2004||||xxu|||||s|||||000 1 eng d | ||
| 040 |
_aPGUSA _beng |
||
| 042 | _adc | ||
| 050 | 4 | _aPZ | |
| 100 | 1 | _aHope, Laura Lee | |
| 245 | 1 | 4 |
_aThe Bobbsey Twins at Snow Lodge _h[electronic resource] / _cLaura Lee Hope |
| 260 |
_bProject Gutenberg, _c2004 |
||
| 506 | _aPublic domain in the USA. | ||
| 516 | _aElectronic text | ||
| 653 | _aBobbsey Twins (Fictitious characters) -- Juvenile fiction | ||
| 653 | _aBrothers and sisters -- Juvenile fiction | ||
| 653 | _aTwins -- Juvenile fiction | ||
| 830 | 0 |
_aProject Gutenberg _v6055 |
|
| 856 | 4 | 0 | _uhttp://www.gutenberg.org/ebooks/6055 |
| 942 | _cEB | ||
| 999 |
_c235383 _d235383 |
||